• 首页
  • 本馆介绍
  • 公告通知
  • 最新文献
  • 馆藏检索
  • 电子资源
  • 读者导购
  • 参考咨询
  • 我的图书馆
  • 登录
  • 详细信息显示
  • 放入我的书架
  • 预约/预借图书
  • 作者相关作品
  • 分类相关作品
  • 丛书相关作品
  • 出版社相关作品

书目信息

  • 表格格式
  • 工作单格式
  • 卡片格式
题名:
楷书入门
    
 
作者: 王宜明
分册:  
出版信息: 北京   今日中国出版社  2016.05
页数: 95页
开本: 20cm
丛书名:
单 册:
中图分类: J292.113.3
科图分类:
主题词: 书法--中国 , 篆刻--中国
电子资源:
ISBN: 7-5072-2259-4
000 00596nam0 2200217 450
001 2669
005 20161205143046.29
010    @a7-5072-2259-4@dCNY20.00
100    @a20150809d2016 km y0chiy0120 ea
101 0  @achi
102    @aCN@b110000
200 1  @a楷书入门@Akai shu ru men@f王宜明@Fwang yi ming
210    @a北京@c今日中国出版社@d2016.05
215    @a95页@d20cm
330    @a楷书·书法
606 0  @a书法@x中国
606 0  @a篆刻@x中国
690    @aJ292.113.3@v4
701  0 @a王宜明@Awang yi ming
801  0 @aCN@b大连网信软件有限公司图书馆·11@c20161205
905    @aZUCC@dJ292.113.3@e563
    
    楷书入门/王宜明.-北京:今日中国出版社,2016.05
    95页;20cm
    
    
    ISBN 7-5072-2259-4:CNY20.00
    楷书·书法
●
相关链接 在E读中查询图书 在五车中查询图书 在当当中查询图书 在豆瓣中查询图书


正题名:楷书入门     索取号:J292.113.3/563         预约/预借

序号 登录号 条形码 馆藏地/架位号 状态 备注
1 910801   209108017   第一样本阅览室/ [索取号:J292.113.3/563] 在馆    
2 910802   209108026   第一借阅区/ [索取号:J292.113.3/563] 在馆    
3 910803   209108035   第一借阅区/ [索取号:J292.113.3/563] 在馆    
4 910804   209108044   第一借阅区/ [索取号:J292.113.3/563] 在馆    
5 910805   209108053   第一借阅区/ [索取号:J292.113.3/563] 在馆    
唐山师范学院图书馆 欢迎您!
大连网信软件有限公司© 版权所有